| 000 | 00382nam a2200157Ia 4500 | ||
|---|---|---|---|
| 100 | _aAho/ A.V./ Sethi/Ravi/ Ullman/J.D | ||
| 650 | _aComputers | ||
| 942 | _cBK | ||
| 366 | _f15 | ||
| 654 | _acompilers | ||
| 245 | _aCompilers:Principles and techniques and tools | ||
| 260 |
_bPearson Education _aMumbai _c1986 |
||
| 082 |
_a005.453/AHO _bAHO |
||
| 300 | _a796 | ||
| 546 | _aENGLISH | ||
| 999 |
_c30585 _d30585 |
||